000 00408nam a22001217a 4500
008 230612b xxu||||| |||| 00| 0 eng d
082 _a354.0072250519
_bKEN
100 _cGOK
245 _a2007/2008 District Allocation Budget and project details of the GOK For the Year Ending 30th June 2008
_bFunded from Kenya Roads Board Fund
260 _aNairobi, Kenya
_bGOK
_cJune 2008
300 _a43p
942 _2ddc
_cBK
999 _c1033
_d1033